|
|
|
|
| LEADER |
06646nam a22004093i 4500 |
| 001 |
EBC7100850 |
| 003 |
MiAaPQ |
| 005 |
20240729202203.0 |
| 006 |
m o d | |
| 007 |
cr cnu|||||||| |
| 008 |
240729s1962 xx o ||||0 ger d |
| 020 |
|
|
|a 9783428410583
|q (electronic bk.)
|
| 020 |
|
|
|z 9783428010585
|
| 035 |
|
|
|a (MiAaPQ)EBC7100850
|
| 035 |
|
|
|a (Au-PeEL)EBL7100850
|
| 035 |
|
|
|a (OCoLC)1347025461
|
| 040 |
|
|
|a MiAaPQ
|b eng
|e rda
|e pn
|c MiAaPQ
|d MiAaPQ
|
| 100 |
1 |
|
|a Pfister, Bernhard.
|
| 245 |
1 |
0 |
|a Untersuchungen Zum Deutschen Vertriebenen- und Flüchtlingsproblem :
|b Zweite Abteilung: Einzeldarstellungen. X: Müller, Erwin: Die Heimatvertriebenen in Baden-Württemberg.
|
| 250 |
|
|
|a 1st ed.
|
| 264 |
|
1 |
|a Berlin :
|b Duncker & Humblot,
|c 1962.
|
| 264 |
|
4 |
|c {copy}1962.
|
| 300 |
|
|
|a 1 online resource (190 pages)
|
| 336 |
|
|
|a text
|b txt
|2 rdacontent
|
| 337 |
|
|
|a computer
|b c
|2 rdamedia
|
| 338 |
|
|
|a online resource
|b cr
|2 rdacarrier
|
| 490 |
1 |
|
|a Schriften des Vereins Für Socialpolitik Series
|
| 505 |
0 |
|
|a Intro -- Vorwort -- Inhalt -- Erster Teil: Die Vertriebenenbevölkerung in Baden-Württemberg und ihr natürliches und soziales Gefüge -- I. Einleitende Bemerkungen -- II. Bevölkerungsstand und Bevölkerungsentwicklung der Heimatvertrieben -- III. Die räumliche Verteilung der Heimatvertriebenen -- IV. Die Umsiedlung von Heimatvertriebenen aus Bundesländern nach Baden-Württemberg -- 1. Allgemeines -- 2. Erstes Bundesumsiedlungsprogramm -- 3. Zweites Bundesumsiedlungsprogramm -- 4. Drittes Bundesumsiedlungsprogramm -- a) Erster Abschnitt -- b) Zweiter Abschnitt -- 5. Stand der Umsiedlung -- a) Die wirtschaftliche Eingliederung der Umsiedler -- b) Die wohnraummäßige Unterbringung -- V. Die Umsiedlung innerhalb des Landes Baden-Württemberg -- VI. Die natürliche und soziale Struktur der Heimatvertriebenen -- 1. Die Aufgliederung nach dem Geschlecht -- 2. Der Altersaufbau -- 3. Der Familienstand -- 4. Die Haushaltungen -- 5. Die Religionszugehörigkeit -- 6. Die Erwerbs-, Wirtschafts-, Sozial- und Berufsstruktur der Heimatvertriebenen -- a) Allgemeines -- b) Die Bevölkerungsgruppen -- c) Die Erwerbspersonen der Heimatvertriebenen -- aa) Die Erwerbstätigkeit -- d) Die soziale Stellung der Heimatvertriebenen im Beruf -- e) Die Berufsstruktur der Heimatvertriebenen -- f) Die Selbständigen Berufslosen der Heimatvertriebenen -- g) Die Angehörigen ohne Hauptberuf der Heimatvertriebenen -- Zweiter Teil: Die wirtschaftliche Eingliederung der Heimatvertriebenen in Baden-Württemberg nach der Volks- und Berufszählung vom 13.9.1950 -- I. Die Eingliederung der sozial abhängigen Vertriebenen als Arbeitnehmer -- 1. Vorbemerkung -- 2. Die Entwicklung der Beschäftigung unter den Vertriebenen und Einheimischen von Mitte 1950 bis Mitte 1953 -- 3. Die Beschäftigung der Vertriebenen in den Wirtschaftsabteilungen.
|
| 505 |
8 |
|
|a 4. Die Beschäftigung der Vertriebenen innerhalb der Arbeitsamtsbezirke -- 5. Die Entwicklung der Arbeitslosigkeit unter den Vertriebenen bis Ende 1956 -- 6. Die arbeitslosen Heimatvertriebenen nach Berufsgruppen -- 7. Die regionale Aufgliederung der vertriebenen Arbeitslosen -- 8. Die Arbeitsverwendbarkeit der heimatvertriebenen Arbeitslosen -- 9. Leistungen der öffentlichen Hand zur Eingliederung heimatvertriebener Arbeitnehmer -- a) Vorbemerkung -- b) Das Arbeitsplatzdarlehen -- c) Aufbaudarlehen für den Wohnungsbau -- aa) Vorbemerkung -- d) Die Ergebnisse des sozialen Wohnungsbaues und die wohnraummäßige Eingliederung der Vertriebenen von 1950 bis 1956 -- aa) Die Veränderung des Wohnungsbestandes -- bb) Die Wohnparteien nach der Art ihrer Unterkunft -- cc) Die Wohnparteien nach der Anzahl der Personen -- dd) Die Wohnraumvergaben von 1952 bis 1955 -- II. Die Eingliederung der Vertriebenen als selbständige Existenzen in die Landwirtschaft Baden-Württembergs -- 1. Vorbemerkungen -- a) Boden und Klima -- b) Die Bodenbesitzverteilung -- 2. Das Problem -- 3. Die Bodenreform, eine Möglichkeit der Landbeschaffung -- a) Allgemeines -- b) Der Stand der Bodenreform am 30.6.1957 -- 4. Der Stand der Siedlungsmaßnahmen -- 5. Die Eingliederung der vertriebenen und aus der Ostzone geflüchteten Bauern und Landwirte -- 6. Die Leistungen der öffentlichen Hand für die Eingliederung vertriebener und geflüchteter Bauern und Landwirte -- III. Die Eingliederung der Vertriebenen als Selbständige in die gewerbliche Wirtschaft Baden-Württembergs -- 1. Die Vertriebenen in nichtlandwirtschaftlichen Arbeitsstätten -- a) Die Unternehmungen der Vertriebenen und ihre Beschäftigten -- b) Die in nichtlandwirtschaftlichen Arbeitsstätten beschäftigten Vertriebenen -- 2. Die Vertriebenen und Zugewanderten in der Industrie Baden-Württembergs -- a) Vorbemerkung.
|
| 505 |
8 |
|
|a b) Die Industriebetriebe der Vertriebenen und Zugewanderten Ende September 1956 -- c) Die Industriebetriebe der Vertriebenen und Zugewanderten nach Industriegruppen -- d) Die Entwicklung der Flüchtlingsindustrie in Baden-Württemberg von 1951 bis 1956 -- 3. Die Eingliederung der Vertriebenen und Zugewanderten als selbständige Existenzen in das Handwerk Baden-Württembergs -- a) Die Handwerksbetriebe der Vertriebenen und Zugewanderten 1956 und 1949 -- b) Die räumliche Verteilung der Handwerksbetriebe von Vertriebenen und Zugewanderten und ihre Beschäftigtenzahlen -- 4. Die Eingliederung der Vertriebenen und Zugewanderten als selbständige Existenzen in das Bauhauptgewerbe Baden-Württembergs -- a) Vorbemerkung -- b) Die Vertriebenen- und Zugewandertenbetriebe im Bauhauptgewerbe sowie ihre Beschäftigungszahlen -- c) Die Eingliederung der Vertriebenen als Selbständige ins Bauhauptgewerbe innerhalb der Regierungsbezirke -- 5. Die finanzielle Hilfe der öffentlichen Hand bei der Eingliederung der Vertriebenen und Zugewanderten als Selbständige in die gewerbliche Wirtschaft -- IV. Untersuchungsergebnisse -- Anlagen.
|
| 588 |
|
|
|a Description based on publisher supplied metadata and other sources.
|
| 590 |
|
|
|a Electronic reproduction. Ann Arbor, Michigan : ProQuest Ebook Central, 2024. Available via World Wide Web. Access may be limited to ProQuest Ebook Central affiliated libraries.
|
| 655 |
|
4 |
|a Electronic books.
|
| 776 |
0 |
8 |
|i Print version:
|a Pfister, Bernhard
|t Untersuchungen Zum Deutschen Vertriebenen- und Flüchtlingsproblem
|d Berlin : Duncker & Humblot,c1962
|z 9783428010585
|
| 797 |
2 |
|
|a ProQuest (Firm)
|
| 830 |
|
0 |
|a Schriften des Vereins Für Socialpolitik Series
|
| 856 |
4 |
0 |
|u https://ebookcentral.proquest.com/lib/matrademy/detail.action?docID=7100850
|z Click to View
|